000 00655nam a2200229Ia 4500
003 OSt
005 20221007070900.0
006 a|||||r|||| 00| 0
007 ta
008 221006b |||||||| |||| 00| 0 eng d
024 _a27,494
037 _cReports / Technical Reports
040 _aFLL
_cFLL
_beng
041 _2eng
_aeng
082 _aZ58,215, L1
100 _aZhudro A.K. Ed.
_9687888
245 0 _aMaritime law
260 _aJerusalem
_bIsrael Program for Scientific Translations Ltd.
_c1971
300 _avi,162p
_ccm.
942 _hZ58,215, L1
_cREP
_2CC
999 _c1141796
_d1141796